Statistics for Compound Words Quiz #2

Click here to take the quiz!

General Stats

  • This quiz has been taken 26,746 times
  • The average score is 14 of 20

Answer Stats

Definition Word % Correct
Computer accessory used for typingKeyboard
90%
Type of large citrusGrapefruit
89%
Person who is paid to rescue troubled swimmersLifeguard
89%
To cross the street illegallyJaywalk
88%
Secret key used to log onto a computerPassword
84%
Superhero's assistantSidekick
84%
Describes a country with no access to the oceanLandlocked
81%
Illegally distilled liquorMoonshine
79%
Person who hides aboard a shipStowaway
79%
Farmer's tool used for pitching hayPitchfork
76%
The songs that appear on a movieSoundtrack
74%
Medical device which regulates heart ratePacemaker
68%
Predecessor to the refrigeratorIcebox
67%
Badminton birdieShuttlecock
65%
Person who writes books on behalf of anotherGhostwriter
58%
The main speech at a conferenceKeynote
56%
Medical condition where part of the body freezesFrostbite
54%
Piece of furniture sometimes called an ottomanFootstool
53%
Person who imitatesCopycat
45%
High-level celebritySuperstar
39%

Score Distribution

Percentile by Number Answered

Percent of People with Each Score

Your Score History

You have not taken this quiz